000 00305nam a2200133Ia 4500
008 190216s9999||||xx |||||||||||||| ||und||
100 _aGupta S P
245 0 _aNumerical Amalysis
250 _a3rd Ed.
260 _bLaxmi Publication Ltd
_c1983
300 _a189p
650 _aMathematics
942 _cBK
999 _c30797
_d30797